00688nam a2200205Ia 4500008004100000100002400041245011400065260001100179300002000190440004600210521000800256650001500264650002400279650003300303650001800336650001800354942000700372999001900379952008400398140626s9999 xx 000 0 und d aJohnson, Stephanie. aIdentification and management of malignant skin lesions among older adults /cStephanie Johnson ... [et al.]. cc2012. a8 : 8, page 610 aThe Journal for Nurse Practitioners (JNP) aNUR aGeriatric. aMalignant melanoma. aManagement for skin lesions. aOlder adults. aSkin lesions. cSE c121432d121432 001040aCLbCLcPERd2014-06-26l0pS0540r2014-06-26 00:00:00w2014-06-26ySE